000
00295nam a22001337a 4500
008
170828b xxu||||| |||| 00| 0 eng d
020
_a
9780534561062
041
_a
eng
080
_2
5 ED
_a
070
100
_a
39
101
_a
MED
245
_a
RADIO PRODUCTION
_c
HAUSMAN.C
942
_2
udc
_c
BK
999
_c
25129
_d
25129